Statistics for Tallest Mountains in Europe

Click here to take the quiz!

General Stats

  • This quiz has been taken 11 times
  • The average score is 2 of 10

Answer Stats

CountryRangeHeightAnswer% Correct
France; ItalyAlps4,808Mont Blanc / Monte Bianco
100%
RussiaCaucasus5,641Mount Elbrus
50%
RussiaCaucasus5,205Dykh-Tau
0%
RussiaCaucasus5,151Koshtan-Tau
0%
SwitzerlandAlps4,634Monte Rosa / Dufourspitze
0%
RussiaKhokh (Caucasus)4,780Mount Dzhimara
0%
Georgia; RussiaCaucasus5,053Mount Kazbek
0%
Georgia; RussiaCaucasus5,192Shkhara
0%
GeorgiaCaucasus4,857Tetnuldi
0%
GeorgiaCaucasus4,710Ushba
0%

Score Distribution

Percentile by Number Answered

Percent of People with Each Score

Your Score History

You have not taken this quiz